| 000 | 00877nam a22002417a 4500 | ||
|---|---|---|---|
| 001 | 80305 | ||
| 003 | BD-RjUL | ||
| 005 | 20230405110043.0 | ||
| 008 | 220905s2006 bg a|||| m||| 00| 0 eng d | ||
| 035 | _a(BD-RjUL)80305 | ||
| 040 |
_aBD-RjUL _beng _cBD-RjUL _dBD-RjUL |
||
| 041 | _aeng | ||
| 082 |
_223 _a579.135 _bBIG 2006 |
||
| 100 |
_aBiswas, Manosh Kumar _94645 |
||
| 245 | 1 | 0 |
_aGenetic transformation and chromosomal mapping of transgene in Arabidopsis thaliana L. / _cManosh Kumar Biswas ; _6Supervisor : Monzur, Hossain |
| 260 |
_aRajshahi : _bDepartment of Botany, University of Rajshahi, _c2006 |
||
| 300 |
_aiii, 121 leaves : _bill, ; _c29.cm. |
||
| 502 | _aThesis (M. Phil.) -- Department of Botany, University of Rajshahi, 2006 | ||
| 504 | _aReferences : Leaves 109 - 121 | ||
| 650 | _aGenetics | ||
| 700 |
_aHossain, Monzur, Supervisor _94646 |
||
| 942 |
_2ddc _cTHE |
||
| 999 |
_c80305 _d80305 |
||